Ο αρχισιδηρουργός
Αποθηκεύτηκε σε:
| Κύριος συγγραφέας: | |
|---|---|
| Άλλοι συγγραφείς: | |
| Μορφή: | Βιβλίο |
| Γλώσσα: | Greek French |
| Δημοσίευση: |
Αθήνα :
DeAgostini,
2005.
|
| Σειρά: | Ρομαντική λογοτεχνία
|
| Θέματα: | |
| Ετικέτες: |
Προσθήκη ετικέτας
Δεν υπάρχουν, Καταχωρήστε ετικέτα πρώτοι!
|
MARC
| LEADER | 00000cam a2200000 a 4500 | ||
|---|---|---|---|
| 001 | 1/114104 | ||
| 008 | 170525t2005####gr | ||| |||| ||gre|| | ||
| 020 | |a 9604163299 | ||
| 040 | |a GR-MyUa |b gre |c GR-MyUa |e AACR2 | ||
| 041 | 1 | |a gre |h fre | |
| 082 | 7 | |a 843 |2 (23) | |
| 100 | 1 | |a Ohnet, Georges, |d 1848-1918. | |
| 245 | 1 | 2 | |a Ο αρχισιδηρουργός / |c Ζόρζ Ονε ; μετάφραση Δέσποινα Αγγέλου. |
| 260 | |a Αθήνα : |b DeAgostini, |c 2005. | ||
| 300 | |a 319 σ. ; |c 19 εκ. | ||
| 490 | 1 | |a (Ρομαντική λογοτεχνία) | |
| 500 | |a Τίτλος πρωτοτύπου: The ironmaster. | ||
| 650 | 0 | |a French fiction |y 19th century. | |
| 650 | 0 | |a Love stories. | |
| 700 | 1 | |a Αγγέλου, Δέσποινα, |e trlf | |
| 830 | 0 | |a Ρομαντική λογοτεχνία | |
| 852 | |a INST |b SAMOS |e 20170525 |h 843 ΟΗΝ |p 005300044540 |q 005300044540 |t BK |y 0 | ||
| 970 | |a Γουβάλα |b Βάσω |z 25-05-2017 | ||